Kannada Sahityadalli Karna (Record no. 115254)
[ view plain ]
| 000 -LEADER | |
|---|---|
| fixed length control field | 00575nam a2200193Ia 4500 |
| 003 - CONTROL NUMBER IDENTIFIER | |
| control field | OSt |
| 005 - DATE AND TIME OF LATEST TRANSACTION | |
| control field | 20251105105955.0 |
| 008 - FIXED-LENGTH DATA ELEMENTS--GENERAL INFORMATION | |
| fixed length control field | 210210b1999 xxu||||| |||| 00| 0 eng d |
| 040 ## - CATALOGING SOURCE | |
| Transcribing agency | AL |
| 041 ## - LANGUAGE CODE | |
| Language code of text/sound track or separate title | Kannada |
| 082 ## - DEWEY DECIMAL CLASSIFICATION NUMBER | |
| Classification number | K894.9 MALK |
| 100 ## - MAIN ENTRY--PERSONAL NAME | |
| Personal name | MALI (V S) |
| Dates associated with a name | ಮಾಳಿ(ವಿ ಎಸ್ ) |
| 9 (RLIN) | 204883 |
| 245 ## - TITLE STATEMENT | |
| Title | Kannada Sahityadalli Karna |
| Remainder of title | ಕನ್ನಡ ಸಾಹಿತ್ಯದಲ್ಲಿ ಕರ್ಣ |
| 260 ## - PUBLICATION, DISTRIBUTION, ETC. | |
| Place of publication, distribution, etc. | Belagavi |
| Name of publisher, distributor, etc. | Sirigannada prakashana., |
| Date of publication, distribution, etc. | 1999 |
| 300 ## - PHYSICAL DESCRIPTION | |
| Extent | viii,325 |
| 690 ## - LOCAL SUBJECT ADDED ENTRY--TOPICAL TERM (OCLC, RLIN) | |
| Topical term or geographic name as entry element | Kannada Criticism |
| 9 (RLIN) | 204884 |
| 906 ## - LOCAL DATA ELEMENT F, LDF (RLIN) | |
| a | SG04248 |
| 942 ## - ADDED ENTRY ELEMENTS (KOHA) | |
| Source of classification or shelving scheme | Dewey Decimal Classification |
| Koha item type | Special Grants |
| Withdrawn status | Lost status | Source of classification or shelving scheme | Damaged status | Not for loan | Collection code | Home library | Current library | Date acquired | Source of acquisition | Cost, normal purchase price | Total Checkouts | Full call number | Barcode | Date last seen | Price effective from | Koha item type |
|---|---|---|---|---|---|---|---|---|---|---|---|---|---|---|---|---|
| Dewey Decimal Classification | Kannada | St Aloysius Library | St Aloysius Library | 02/17/2021 | Karnataka Vishvavidyalya, Dharavada. | 0.00 | K894.9 MALK | SG04248 | 02/17/2021 | 02/17/2021 | Special Grants |